000 00717nam a22001577a 4500
003 OSt
005 20151216101131.0
008 151216b xxu||||| |||| 00| 0 eng d
040 _cRUA
082 _aAED SOK 2007 B226 Or.1
100 _94900
_aSOKHA, SANTEPHEAP.
245 _athe study on livelihood of members in the fisheries community in chulkiri district, kampong chhnang province (ការសិក្សាអំពីកំរិតជីវភាពរបស់សមាជិកក្នុងសហគមន៍នេសាទនៅស្រុកជលគីរី ខេត្តកំពង់ឆ្នាំង)
260 _aPhnom Penh
_bRUA
_c2007
300 _ax, 51p.
_bill.
_c29cm.
942 _2ddc
_cAED
999 _c4553
_d4553